Predicting the online future (Record no. 64017)

MARC details
000 -LEADER
fixed length control field 00917cam a2200229 4500
001 - CONTROL NUMBER
control field ABS62503
008 - FIXED-LENGTH DATA ELEMENTS--GENERAL INFORMATION
fixed length control field 000000n2000 000 0 eng u
035 ## - SYSTEM CONTROL NUMBER
System control number (Sirsi) u107050
100 ## - MAIN ENTRY--PERSONAL NAME
Personal name Dixon, T.
245 ## - TITLE STATEMENT
Title Predicting the online future
260 ## - PUBLICATION, DISTRIBUTION, ETC.
Date of publication, distribution, etc. 2000
490 ## - SERIES STATEMENT
Series statement Estates Gazette
Volume/sequential designation (0025) 24 June 2000, 126-127(2)
520 ## - SUMMARY, ETC.
Summary, etc. Argues that better research is needed to assess the impact of the internet on retail property in the UK. Briefly mentions independent study undertaken by the College of Estate Management, commissioned by the British Council of Shopping Centres, with support from the RICS. Further details about the research are available at http://www.cem.ac.uk Graph.
590 ## - LOCAL NOTE (RLIN)
Local note ABS
650 ## - SUBJECT ADDED ENTRY--TOPICAL TERM
Topical term or geographic name entry element ONLINE SHOPPING
650 ## - SUBJECT ADDED ENTRY--TOPICAL TERM
Topical term or geographic name entry element E-COMMERCE
650 ## - SUBJECT ADDED ENTRY--TOPICAL TERM
Topical term or geographic name entry element RETAIL PROPERTY
650 ## - SUBJECT ADDED ENTRY--TOPICAL TERM
Topical term or geographic name entry element FORECASTS
690 ## - LOCAL SUBJECT ADDED ENTRY--TOPICAL TERM (OCLC, RLIN)
Topical term or geographic name as entry element INFORMATION TECHNOLOGY-INTERNET
700 ## - ADDED ENTRY--PERSONAL NAME
Personal name Wright, C.
942 ## - ADDED ENTRY ELEMENTS (KOHA)
Suppress in OPAC 0
Holdings
Withdrawn status Lost status Source of classification or shelving scheme Damaged status Not for loan Home library Current library Shelving location Date acquired Total Checkouts Full call number Barcode Date last seen Copy number Price effective from Koha item type
    Dewey Decimal Classification     London London Journal article 10/07/2000   ABS62503 107050-1001 06/08/2019 1 06/08/2019 Journal article